00261nam a2200073Ia 4500008004100000082003000041245008700071260002900158220204s9999 xx 000 0 und d a631.8:633.18.03(540)bPOT 0aSecond report of the potascheme fertilizer demonstratioin trials to paddy in India aMadrasbPotaschemec1955